000 00819nam a2200265 i 4500
001 183598
003 ES-MaACL
005 20250719064305.0
008 140725s1998 sp | |||| ||spa d
020 _a84-89985-01-4
080 _a821.134.2-84"19"
080 _a821.134.2-83"19"
100 1 _aNeila, Manuel,
_d1950-
_985334
245 1 3 _aEl silencio roto
_b; seguido de Diálogos inactuales /
_cManuel Neila.
246 3 _aDiálogos inactuales
250 _a1ª ed.
260 _aGijón :
_bLlibros del Pexe,
_c1998.
300 _a93 p. ;
_c21 cm.
490 1 _aSui géneris ;
_v6
830 0 _aSui géneris ;
_v6
_9192011
852 _aES-MaACL
_jA-13199
_9190540
_bR.150165
_cDEPO1
_dOlim: N-6199
942 _2udc
_cMONOGRAFIA
_n0
999 _c183598
_d183598